Potassium : Its role in rubber cultivation (Record no. 65364)

MARC details
000 -LEADER
fixed length control field 00345nam a2200133Ia 4500
245 #0 - TITLE STATEMENT
Title Potassium : Its role in rubber cultivation
260 ## - PUBLICATION, DISTRIBUTION, ETC. (IMPRINT)
Name of publisher Planters Bulletin
Year of publication 1971
300 ## - PHYSICAL DESCRIPTION
Number of Pages 129-135
650 ## - SUBJECT ADDED ENTRY--TOPICAL TERM
Topical Term Hevea
650 ## - SUBJECT ADDED ENTRY--TOPICAL TERM
Topical Term Potassium defficiency
650 ## - SUBJECT ADDED ENTRY--TOPICAL TERM
Topical Term Rubber cultivation
942 ## - ADDED ENTRY ELEMENTS (KOHA)
Koha item type Journals
Holdings
Withdrawn status Lost status Damaged status Not for loan Home library Current library Shelving location Date acquired Serial Enumeration / chronology Koha item type
      Journals RRII Library RRII Library Soils and agonomy 17/12/2021 Volume 114, Issue Journals